Quiz Vampires Diaries, saison 8 - Statistiques

Statistiques générales
  • Ce quiz a été pris 137 fois
  • Le résultat moyen est 8 sur 9
Statistiques - réponses
Question Réponse % Correct
Dans la saison 8 avec qui sort Enzo ? Bonnie
98%
Qui est Sybil ?
96%
Comment s'appelle le diable ? Cade
95%
Dans le dernier épisode de la série quel personnage se sacrifie pour ses amis ? Stefan
90%
Quand Stefan perd son humanité il tue un personnage important. Quel est ce personnage ? Enzo
86%
A la fin de la saison quel couple se marie ? Stefan et Caroline
86%
Quand Damon perd son humanité il tue un personnage. Qui est ce personnage? Tyler
83%
Qui est Seline ?
80%
Comment s'appellent les jumelles d'Alaric et Caroline? Elizabeth et Josette
76%
Aucun quiz correspondant
Distribution des résultats
% des personnes avec chaque résultat
Percentile par nombre de réponses
Votre historique - résultats
Vous n’avez pas pris ce quiz